Trouver le mot qui suit dans le dictionnaire #2 - Statistiques

Statistiques générales
  • Ce quiz a été pris 42 fois
  • Le résultat moyen est 1 sur 10
Statistiques - réponses
Mot Mot suivant % Correct
citadelle citadin, e
95%
hippie hippique
18%
zen zénith
13%
parking parkinson
10%
moblot mobylette
8%
ukiyo-e ukrainien, enne
3%
énurétique envahir
0%
journellement jourte
0%
kala-azar kalachnikov
0%
mitonner mitose
0%
Aucun quiz correspondant
Distribution des résultats
% des personnes avec chaque résultat
Percentile par nombre de réponses
Votre historique - résultats
Vous n’avez pas pris ce quiz